Les Baléares / (Record no. 150670)
[ view plain ]
| 000 -LEADER | |
|---|---|
| campo de control de longitud fija | 00613nam a2200181 i 4500 |
| 001 - NÚMERO DE CONTROL | |
| campo de control | 150670 |
| 003 - IDENTIFICADOR DE NÚMERO DE CONTROL | |
| campo de control | ES-MaACL |
| 005 - FECHA Y HORA DE LA ÚLTIMA TRANSACCIÓN | |
| campo de control | 20230906203629.0 |
| 007 - CAMPO FIJO DE DESCRIPCIÓN FÍSICA--INFORMACIÓN GENERAL | |
| campo de control de longitud fija | t| |
| 008 - DATOS DE LONGITUD FIJA--INFORMACIÓN GENERAL | |
| campo de control de longitud fija | 071105s1930 fr ||||1| fre d |
| 100 1# - ENTRADA PRINCIPAL--NOMBRE DE PERSONA | |
| Nombre de persona | Dervenn, Claude. |
| 9 (RLIN) | 43804 |
| 245 14 - MENCIÓN DEL TÍTULO | |
| Título | Les Baléares / |
| Mención de responsabilidad, etc. | texte de Claude Dervenn ; dessins de M.-Y. Guibillon. |
| 260 ## - PUBLICACIÓN, DISTRIBUCIÓN, ETC. | |
| Lugar de publicación, distribución, etc. | Paris : |
| Nombre del editor, distribuidor, etc. | Guitard, |
| Fecha de publicación, distribución, etc. | [1930?] |
| 300 ## - DESCRIPCIÓN FÍSICA | |
| Extensión | 120 p. : |
| Otras características físicas | il. ; |
| Dimensiones | 28 cm + |
| Material acompañante/anejo | 36 p. |
| 500 ## - NOTA GENERAL | |
| Nota general | Contiene al final del libro: "Guide pratique "Occitania" aux Iles Baléares. |
| 651 #4 - PUNTO DE ACCESO ADICIONAL DE MATERIA--NOMBRE GEOGRÁFICO | |
| Nombre geográfico | Baleares (Comunidad Autónoma)- |
| Subdivisión general | Descripción. |
| 9 (RLIN) | 7857 |
| 852 ## - LOCALIZACIÓN | |
| Ubicación | ES-MaACL |
| Número de control de estantería | A-1728 |
| Estatus retirado | Estado de pérdida | Estado de daño | No para préstamo | Biblioteca de origen | Biblioteca actual | Ubicación en estantería | Fecha de adquisición | Fuente de adquisición | Total de préstamos | Signatura topográfica completa | Código de barras | Visto por última vez | Precio de reemplazo | Tipo de ítem Koha |
|---|---|---|---|---|---|---|---|---|---|---|---|---|---|---|
| Biblioteca del Ateneo de Madrid | Biblioteca del Ateneo de Madrid | Sala Pecera Planta 1 | 17/01/2008 | A-1728 | 1157216 | 23/02/2023 | 23/02/2023 | Libro impreso |
